000 00911cam a22002651 4500
001 gs 57000168
003 DLC
005 20260227111405.0
008 790424s1956 nduab b s000 0 eng c
010 _ags 57000168
035 _a(OCoLC)4888967
040 _aU.S. Geol. Survey. Libr.
_cMnMohC
_dOCoLC
_dDLC
042 _apremarc
043 _an-us-nd
050 0 0 _aQE150.T45
_bL3
100 1 _aLaird, Wilson Morrow,
_d1915-
245 1 0 _aGeology of the north unit, Theodore Roosevelt National Memorial Park.
260 _aGrand Forks,
_c1956.
300 _a27 p.
_billus., maps, diagrs.
_c23 cm.
440 0 _aBulletin (North Dakota Geological Survey)
_v32
500 _a"Reprinted from North Dakota history, v. 23, no. 2, pp. 53-77, 1956."
504 _aBibliography: p. 27.
650 0 _aGeology
_zNorth Dakota
_zTheodore Roosevelt National Park.
651 0 _aTheodore Roosevelt National Park (N.D.)
999 _c29150
_d29150